عرض عادي عرض مارك
  • Fairchild (Firm)

مدخل إسم هيئة

عدد التسجيلات المستخدمة في: 1

001 - رقم الضبط

  • حقل الضبط: 11827

003 - معرف رقم الضبط

  • حقل الضبط: OSt

005 - تاريخ ووقت أخر عملية

  • حقل الضبط: 20120422161258.0

008 - عناصر بيانات ثابتة الطول

  • حقل تحكم ثابت الطول: 120422|||a|||||| | ||| d

040 ## - مصدر الفهرسة

  • هيئة الفهرسة الأصلية: OSt
  • وكالة الكتابة: OSt

110 ## - مدخل -- أسم شخص

  • اسم الهيئه او اسم السلطه كعنصر مدخل: Fairchild (Firm)
  • تفريع عام: History.

670 ## - بيانات المصدر موجوده

  • الاستشهاد بالمصدر: Work cat.: (OSt)23737: Lécuyer, Christophe. 11826, Makers of the microchip :, c2010.